Cookie's week / (Record no. 8022)

MARC details
000 -LEADER
fixed length control field 00924nam a22003017a 4500
001 - CONTROL NUMBER
control field 8022
003 - CONTROL NUMBER IDENTIFIER
control field FISKH
005 - DATE AND TIME OF LATEST TRANSACTION
control field 20250819100134.0
008 - FIXED-LENGTH DATA ELEMENTS--GENERAL INFORMATION
fixed length control field 250819b cb ||||| |||| 00| 0 eng d
020 ## - INTERNATIONAL STANDARD BOOK NUMBER
International Standard Book Number 9780698114357
040 ## - CATALOGING SOURCE
Original cataloging agency FISKH
Language of cataloging eng
Transcribing agency FISKH
Modifying agency FISKH
050 ## - LIBRARY OF CONGRESS CALL NUMBER
Classification number PZ7.W187 C
082 ## - DEWEY DECIMAL CLASSIFICATION NUMBER
Classification number 813
100 ## - MAIN ENTRY--PERSONAL NAME
Personal name Ward, Cindy
245 ## - TITLE STATEMENT
Title Cookie's week /
Statement of responsibility, etc. By Cindy Week ; Illustrated by Tomie dePaola
250 ## - EDITION STATEMENT
Edition statement This edition first published in 1998
260 ## - PUBLICATION, DISTRIBUTION, ETC.
Place of publication, distribution, etc. New York :
Name of publisher, distributor, etc. PenguinYoung,
Date of publication, distribution, etc. 1998
300 ## - PHYSICAL DESCRIPTION
Extent 28 unumbered pages :
Other physical details color illustrations ;
Dimensions 18 x 20 cm
505 ## - FORMATTED CONTENTS NOTE
Formatted contents note G<br/>
520 ## - SUMMARY, ETC.
Summary, etc. Cookie the cat gets into a different kind of mischief every day of the week.<br/>
521 8# - TARGET AUDIENCE NOTE
Target audience note 360<br/>
Source Lexile<br/>
521 8# - TARGET AUDIENCE NOTE
Target audience note G<br/>
Source Raz-Plus<br/><br/>
650 ## - SUBJECT ADDED ENTRY--TOPICAL TERM
Source of heading or term Days of the week
Topical term or geographic name entry element Calendar
650 ## - SUBJECT ADDED ENTRY--TOPICAL TERM
Source of heading or term Tomie dePaola
Topical term or geographic name entry element Mischief
700 ## - ADDED ENTRY--PERSONAL NAME
Personal name dePaola, Tomie
Dates associated with a name illustrator
942 ## - ADDED ENTRY ELEMENTS (KOHA)
Source of classification or shelving scheme Dewey Decimal Classification
Koha item type Books
Suppress in OPAC No
Holdings
Withdrawn status Lost status Source of classification or shelving scheme Damaged status Not for loan Collection Home library Current library Shelving location Date acquired Total Checkouts Full call number Barcode Date last seen Copy number Price effective from Koha item type
    Dewey Decimal Classification     Juvenile Fiction Footprints International School Library Network Toul Tom Poung Campus Footprints International School Library Network Toul Tom Poung Campus TTP Primary Green Bookshelves 08/19/2025   WAR 813 PZ7.W187 C FISTK02384 08/19/2025 1 08/19/2025 Books